The Natural history of pollination (Registro nro. 818)

Detalles MARC
000 -CABECERA
Campo de control 01089nam a2200361 a 4500
005 - FECHA Y HORA DE LA ULTIMA TRANSACCION
Campo de control 20200104041515.0
008 - ELEMENTOS DE LONGITUD FIJA—INFORMACION GENERAL
Campo de control 140224t1996 a gr|||| 00| 0 eng d
020 ## - ISBN
ISBN 0002199068
040 ## - FUENTE DE CATALOGACIÓN
Agencia catalogadora original CO-BoIAVH
Agencia transcriptora CO-BoIAVH
041 ## - IDIOMA
Código de idioma para texto/pista de sonido o título separado Inglés
082 #4 - NUMERO DE CLASIFICACION DECIMAL DEWEY
Número de clasificación 576.875
Número del ítem P96t
090 ## - CLASIFICACIÓN LOCAL
Colección LB
Consecutivo 00805
100 1# - ASIENTO PRINCIPAL--NOMBRE PERSONAL
Nombre personal Proctor, Michael
9 (RLIN) 9327
245 14 - MENCION DE TITULO
Título The Natural history of pollination
260 ## - PUBLICACION, DISTRIBUCION, ETC. (PIE DE IMPRENTA)
Lugar de publicación, distribución, etc. Londres
Nombre del editor, distribuidor, etc. Harper Collins Publishers
Fecha de publicación, distribución, etc. 1996
300 ## - DESCRIPCION FISICA
Extensión 479 paginas.
Otros detalles físicos Ilustraciones;
Dimensiones 21 x 15 cm
650 #4 - ASIENTO SECUNDARIO DE MATERIA - TERMINO TEMATICO
Término temático o nombre geográfico como elemento de entrada Historia natural
9 (RLIN) 47642
650 #6 - ASIENTO SECUNDARIO DE MATERIA - TERMINO TEMATICO
Término temático o nombre geográfico como elemento de entrada Polinización
Subdivisión general Fecundación
9 (RLIN) 47643
650 #4 - ASIENTO SECUNDARIO DE MATERIA - TERMINO TEMATICO
Término temático o nombre geográfico como elemento de entrada Fertilización
9 (RLIN) 2396
650 #4 - ASIENTO SECUNDARIO DE MATERIA - TERMINO TEMATICO
Término temático o nombre geográfico como elemento de entrada Interacción ecológica
9 (RLIN) 3589
650 #6 - ASIENTO SECUNDARIO DE MATERIA - TERMINO TEMATICO
Término temático o nombre geográfico como elemento de entrada Murciélagos
9 (RLIN) 2659
650 #6 - ASIENTO SECUNDARIO DE MATERIA - TERMINO TEMATICO
Término temático o nombre geográfico como elemento de entrada Aves
9 (RLIN) 47645
650 #4 - ASIENTO SECUNDARIO DE MATERIA - TERMINO TEMATICO
Término temático o nombre geográfico como elemento de entrada Polinización artificial
9 (RLIN) 8183
650 #4 - ASIENTO SECUNDARIO DE MATERIA - TERMINO TEMATICO
Término temático o nombre geográfico como elemento de entrada Ecología de poblaciones
9 (RLIN) 3557
650 #4 - ASIENTO SECUNDARIO DE MATERIA - TERMINO TEMATICO
Término temático o nombre geográfico como elemento de entrada Ecología vegetal
9 (RLIN) 353
650 #4 - ASIENTO SECUNDARIO DE MATERIA - TERMINO TEMATICO
Término temático o nombre geográfico como elemento de entrada Escarabajos
9 (RLIN) 47648
650 #4 - ASIENTO SECUNDARIO DE MATERIA - TERMINO TEMATICO
Término temático o nombre geográfico como elemento de entrada Moscas
9 (RLIN) 9331
650 #4 - ASIENTO SECUNDARIO DE MATERIA - TERMINO TEMATICO
Término temático o nombre geográfico como elemento de entrada Abejas
9 (RLIN) 47649
650 #4 - ASIENTO SECUNDARIO DE MATERIA - TERMINO TEMATICO
Término temático o nombre geográfico como elemento de entrada Interacción planta-animal
9 (RLIN) 7459
700 ## - ASIENTO SECUNDARIO - NOMBRE PERSONAL
Nombre personal Lack, Andrew
9 (RLIN) 9333
700 ## - ASIENTO SECUNDARIO - NOMBRE PERSONAL
Nombre personal Yeo, Peter
9 (RLIN) 9334
942 ## - ELEMENTOS ADICIONALES (KOHA)
Tipo de ítem Libro
Sistema de clasificación Dewey Decimal Classification
Existencias
Withdrawn status Lost status Sistema de Clasificación Damaged status No para préstamo Colección Inventariado Ubicación Permanente Ubicación actual Fecha de adquisición Fuente de Valor Valor Total Checkouts Número topográfico Inventario / Código de Barras Date last seen Ejemplar Price effective from Forma de adquisición Tipo de material
    Dewey Decimal Classification     General Inventariado 2017 Bogotá Bogotá 09/09/1998 Instituto 39000.00   LB-576.875 P96t 001158 04/12/2012 Ej. 1 04/12/2012 Compra Libro